| 000 | 00500nam a2200181Ia 4500 | ||
|---|---|---|---|
| 999 |
_c27672 _d27672 |
||
| 003 | OSt | ||
| 005 | 20201123130707.0 | ||
| 008 | 190216s9999||||xx |||||||||||||| ||und|| | ||
| 020 | _a9788171307104 | ||
| 040 | _coclc | ||
| 082 |
_a894.8123 _bRAG/S |
||
| 100 |
_aRaghunathan, K _96852 |
||
| 245 | 0 |
_aSabdayamounam / _cK Raghunathan |
|
| 260 |
_bD C Books Kerala, _c1997. _aKottayam: |
||
| 300 | _a219p | ||
| 650 | _aNovel | ||
| 942 |
_cBK _2ddc _h894.8123 _iRAG/S _k894.8123 _mRAG/S |
||